000 00642nam a2200193 i 4500
001 111742
003 ES-MaACL
005 20260112153653.0
007 t|
008 061121s1928 it r ||||1| ita d
100 0 _aOriani, Alfredo,
_d1852-1909
_987250
245 1 3 _aLa lotta politica in Italia
_b: origini della lotta attuale (476-1887) /
_cAlfredo Oriani ; prefazione di Giovanni Gentile.
260 _aBologna :
_bLicinio Cappelli,
_c1928.
300 _a3 v. ;
_c19 cm.
651 4 _aItalia-
_xHistoria.
_98866
700 1 _aGentile, Giovanni,
_d1875-1944
_956357
852 _aES-MaACL
_jA-3721-26
999 _c111742
_d111742